| 000 | 01024 a2200229 4500 | ||
|---|---|---|---|
| 001 | 44719 | ||
| 005 | 20260407155723.0 | ||
| 008 | 260407a2017 arg spa d | ||
| 003 | AR-UNSa-BCEJYS | ||
| 040 |
_aAR-UNSa-BCEJYS _bspa _cAR-UNSa-BCEJYS |
||
| 080 |
_a338.124 _xRetroceso de la actividad económica. Contracción económica (Pobreza...) |
||
| 245 | 1 | 0 |
_aDe tragedias y de farsas _plos nexos entre la población, el crecimiento económico y la desigualdad |
| 020 | _a978-987-574-849-1 | ||
| 264 | 1 |
_aBuenos Aires : _bPrometeo Libros _c2017 |
|
| 300 |
_a114 p. _c23 cm. |
||
| 505 | _a1. Cuántos fuimos, cuántos somos, Cuántos seremos - 2. Cuánto tuvimos, cuánto tenemos, cuánto tendremos - 3. ¿ Pobres hubo siempre? - 4. Más igualitos que otros - 5. Teoría y práctica de las soluciones | ||
| 041 | _aspa | ||
| 942 | _cBK | ||
| 590 | _aniveau_biblio:m niveau_hierar:0 | ||
| 100 | 1 | _aPaz, Jorge Augusto | |
| 856 | 4 | 1 |
_uhttps://biblioeco.unsa.edu.ar/pmb/images/libros/L126987.jpg _yImagen de portada _qimage/jpeg |
| 999 |
_c3815 _d3815 |
||